000 00657nam a22002177a 4500
003 OSt
005 20240702095805.0
008 240702b |||||||| |||| 00| 0 eng d
020 _a0201664690
040 _cMUST
082 _210th ed.
_a338.5 LIP 2001
100 _aLipsey,Richard G.
_918238
245 _aMicroeconomics/
_cRichard G. Lipsey and Christopher T.S. Ragan
250 _a10th canadian ed.
260 _aToronto:
_bAddison Wesley Longman;
_cc2001.
300 _axxix,863p:
_bcol.ill;
_c25cm.
504 _aIncludes mathematical notes and index
650 _2Microeconomics
700 _aRagan,Christopher T.S.
_918239
942 _2ddc
_cO_SHELF
999 _c9030
_d9030